000 00847nam a22002175i 4500
001 154331
003 ES-MaACL
005 20250803083335.0
008 040706m18531855fr |||| | fre d
040 _aCAM
_bspa
_cCAM
100 1 _aGobineau, Arthur
_ccomte de.
_9147893
245 1 0 _aEssai sur l'inégalité des races humaines /
_cpar A. de Gobineau.
260 _aParis :
_bLibrairie de Firmin Didot Frères ;
_aHanovre :
_bRumpler, libraire-éditeur,
_c1853-1855.
300 _a4 v. ;
_c23 cm.
596 _aEn los tomos III-IV no consta en port. el segundo editor.
597 _aT. I, 1853 (XI, 492, [2] p.) -- T. II, 1853 (512, [2] p.) -- T. III, 1855 (423, [2] p.) -- T. IV, 1855 (359 p.)
650 0 7 _aRacismo
_2embne
_916646
650 _aRaza.
_916677
852 _aES-MaACL
_jG-7992-95
_z-- Enc. hol.
999 _c154331
_d154331